Statistics for Mamma Mia! Movie Soundtrack

Click here to take the quiz!

General Stats

  • This quiz has been taken 271 times
  • The average score is 13 of 19

Answer Stats

Answer% Correct
Mamma Mia
98%
Honey, Honey
88%
Dancing Queen
86%
Money, Money, Money
81%
Lay All Your Love On Me
79%
SOS
77%
The Winner Takes It All
76%
Does Your Mother Know
73%
I Have A Dream
72%
Super Trouper
72%
Our Last Summer
71%
Gimme! Gimme! Gimme!
69%
Voulez-Vous
69%
Take A Chance On Me
63%
Slipping Through My Fingers
62%
Chiquitita
55%
Thank You For The Music
49%
When All Is Said And Done
41%
The Name Of The Game
37%

Score Distribution

Percentile by Number Answered

Percent of People with Each Score

Your Score History

You have not taken this quiz